000 00614nam a2200217Ii 4500
001 20402
003 CO-ViMGA
008 241108s9999||||xx |||||||||||||| ||und||
020 _a8426132626
040 _aCO-ViMGA
_bspa
_erda
_cCO-ViMGA
041 0 _aspa
084 _aC SPU1c
100 1 _aElizabeth. Spurr
_946408
245 1 0 _aUn cerdito muy fino :
_bPerrier
264 1 _aMadrid, EspaƱa : Editorial Juventud, 2002
300 _avolumen
336 _atext
_btxt
_2rdacontent
337 _aunmediated
_bn
_2rdamedia
338 _avolume
_bnc
_2rdacarrier
940 _aidficha_siabuc: 20057. -- ficha_no_siabuc:20402
999 _c40974
_d40974